LEADER 01982nam2 2200397 i 450 001 CFI0012917 005 20231121125425.0 010 $a8808039226 010 $a9788808039224 020 $aIT$b86-1395 100 $a20010529d1985 ||||0itac50 ba 101 | $aita 102 $ait 181 1$6z01$ai $bxxxe 182 1$6z01$an 200 0 $a4$eO-R$fManlio Cortelazzo, Paolo Zolli 210 $aBologna$cZanichelli$d1985 215 $aP. XXI, 816-1113$d24 cm. 461 1$1001CFI0012913$12001 $aDizionario etimologico della lingua italiana$fManlio Cortelazzo, Paolo Zolli$v4 801 3$aIT$bIT-01$c20010529 850 $aIT-RM0289 $aIT-RM0290 $aIT-RM0281 $aIT-RM0418 $aIT-RM0211 $aIT-RM0460 $aIT-RM1163 $aIT-RM1647 $aIT-FR0017 $aIT-RM0574 899 $aBiblioteca Statale A. Baldini$bRM0289 899 $aBIBLIOTECA ANGELICA$bRM0290 899 $aBIBLIOTECA VALLICELLIANA$bRM0281 899 $aBIBLIOTECA ACCADEMIA NAZ. DEI LINCEI E CORSINIANA$bRM0418 899 $aFondazione Marco Besso$bRM0211 899 $aBiblioteca Dell' Archivio Centrale Dello Stato$bRM0460 899 $aIstituto Centrale Restauro Conservazione Patrimonio Archivistico Librario$bRM1163 899 $aBIBLIOTECA DEL CASTELLO DELLA CECCHIGNOLA$bRM1647 899 $aBiblioteca umanistica Giorgio Aprea$bFR0017 899 $aBiblioteca del Consiglio nazionale dell'economia e del lavoro$bRM0574 912 $aCFI0012917 950 2$aBiblioteca umanistica Giorgio Aprea$d 52S.L. 452.03 DELI*4$e 52FSS0000036565 VMB RS $fC $h20120924$i20120924$d 52S.L. 450.03 DELI 4$e 52MAG0000188845 VMC RS $fC $h20120924$i20120924 977 $a 04$a 06$a 08$a 10$a 14$a 27$a 36$a 46$a 52$a 61 996 $a4$963474 997 $aUNICAS